000 01246nam a2200277 a 4500
001 000048389
005 20240301141933.0
008 190219s2019 000 spa d
020 _a9789945585476
040 _aDO-SdBNP
_bspa
_cBNPHU
082 _a348.044
_bR426p, 2019
110 1 _aRepública Dominicana
_bSuprema Corte de Justicia
_97906
245 1 0 _aPrincipales sentencias de la Suprema Corte de Justicia :
_baño 2018 /
_ccoordinación Mariano Germán Mejía, Francisco Antonio Jerez Mena, Yildalina Tatem Brache ; compilación Flavia Villegas.
260 _aSanto Domingo :
_bPoder Judicial,
_c2019.
300 _a833 p. ;
_c23 cm.
590 _aInventariado, 2018/BT
610 1 4 _aSUPREMA CORTE DE JUSTICIA
_zREPÚBLICA DOMINICANA
_949809
650 4 _aJurisprudencia
_zRepública Dominicana
_vRECOPILACIONES, REPERTORIOS, ETC.
_919123
650 4 _aLegislación
_zRepública Dominicana
_93032
650 4 _aSentencias
_zRepública Dominicana
_919124
700 1 _aGermán M., Mariano,
_d1946-
_q(Germán Mejía)
_ecoord.
_99311
700 1 _aJerez Mena, Francisco Antonio,
_ecoord.
_975799
700 1 _aTatem Brache, Yildalina,
_ecoord.
_975800
700 1 _aVillegas, Flavia,
_ecomp.
_975085
910 _aValidado. Control de calidad. MFF
999 _c47877
_d47877